Score 0/30 Timer 03:00
3 Plays Today
Name Missing Word % Correct
______ SabbathBlack
98.8%
______ ClaptonEric
97%
The ______ StonesRolling
96.2%
Pink ______ Floyd
95.2%
The Jimi ______ ExperienceHendrix
94.9%
______ HalenVan
94%
ZZ ______ Top
92.9%
Creedence Clearwater ______ Revival
91.1%
______ MacFleetwood
91%
Tom ______ & the HeartbreakersPetty
90%
Led ______ Zeppelin
88.4%
______ Öyster CultBlue
88.1%
Electric Light ______ Orchestra
86.8%
Steely ______ Dan
86.3%
Jefferson ______ Airplane
85.1%
Name Missing Word % Correct
Deep ______ Purple
84.1%
Joan ______ and the BlackheartsJett
84.1%
Jethro ______ Tull
83.9%
The Allman ______ BandBrothers
83.5%
REO ______ Speedwagon
82.6%
Steve ______ BandMiller
82.1%
Crosby, ______ , Nash & YoungStills
81.2%
Lynyrd ______ Skynyrd
80.8%
Cheap ______ Trick
79.9%
The ______ WhoGuess
70%
Bachman-______ OverdriveTurner
69.5%
Grand ______ RailroadFunk
67.9%
The ______ BluesMoody
64.4%
Buffalo ______ Springfield
62.1%
.38 ______ Special
57.2%

Today's Daily Dose

Remove Ads.
Support Sporcle.
Get the best of Sporcle when you Go Orange. This ad-free experience offers more features, more stats, and more fun while also helping to support Sporcle. Thank you for becoming a member.

You're not logged in!

Compare scores with friends on all Sporcle quizzes.
OR
Log In

Show Comments

Extras

Top Quizzes Today


Score Distribution

Your Account Isn't Verified!

In order to create a playlist on Sporcle, you need to verify the email address you used during registration. Go to your Sporcle Settings to finish the process.

Report this User

Report this user for behavior that violates our Community Guidelines.

Details: